000 00373nam a2200145Ia 4500
008 240624s9999 xx 000 0 und d
041 _aeng
082 _a658.4038011 KAN
100 _aKANTER JEROME
245 _aMANAGING WITH INFORMATION
250 _a(4th ed.)
260 _c2009
_aNew Delhi
_bPrentice-Hall of India
300 _a444 : p. : cm. ; 22
365 _cRS
_b30
999 _c13885
_d13885